30 personnages de One Piece en images - Statistiques

Statistiques générales
  • Ce quiz a été pris 189 fois
  • Le résultat moyen est 27 sur 30
Statistiques - réponses
Par images Réponse % Correct
Baggy
99%
Barbe blanche
99%
Luffy
99%
Sanji
99%
Shanks
99%
Chopper
98%
Nami
98%
Ace
97%
Doflamingo
97%
Zoro
97%
Arlong
96%
Crocodile
96%
Robin
96%
Usopp
96%
Big Mom
95%
Barbe Noire
94%
Vivi
94%
Kaido
93%
Sabo
92%
Kuma
89%
Vegapunk
88%
Oden
86%
Laboon
85%
Momonosuke
85%
Ivankov
79%
Kaku
79%
Perona
77%
Shirahoshi
77%
Enel
71%
Dorry
65%
Aucun quiz correspondant
Distribution des résultats
% des personnes avec chaque résultat
Percentile par nombre de réponses
Votre historique - résultats
Vous n’avez pas pris ce quiz